000 00226nam a22000857a 4500
008 160917b xxu||||| |||| 00| 0 eng d
100 _9623
_aPurang Y.P
245 _aComposite Science-VII
260 _aNew Delhi
_bArya publication
_c2007
999 _c3282
_d3282